Gandhian vision of rural development: (Record no. 16834)

MARC details
000 -LEADER
fixed length control field 01185nam a22003015a 4500
005 - DATE AND TIME OF LATEST TRANSACTION
control field 20080730024538.0
008 - FIXED-LENGTH DATA ELEMENTS--GENERAL INFORMATION
fixed length control field 080418s2007 ii b 001 0 eng
010 ## - LCCN (DPL NO)
LC control number ENG-91355
020 ## - INTERNATIONAL STANDARD BOOK NUMBER
International Standard Book Number 818692132X
Terms of availability 460.00
020 ## - INTERNATIONAL STANDARD BOOK NUMBER
International Standard Book Number 9788186921326
035 ## - SYSTEM CONTROL NUMBER
System control number EN-74888
037 ## - SOURCE OF ACQUISITION
Source of stock number/acquisition DBAD / PUB
040 ## - CATALOGING SOURCE
Original cataloging agency dpl
Language of cataloging English
082 ## - DEWEY DECIMAL CLASSIFICATION NUMBER
Classification number 301.153
100 ## - MAIN ENTRY--PERSONAL NAME
Personal name Patel, Asha
245 ## - TITLE STATEMENT
Title Gandhian vision of rural development:
Statement of responsibility, etc by Asha Patel
Remainder of title its relevance in present time /
260 ## - PUBLICATION, DISTRIBUTION, ETC. (IMPRINT)
Place of publication, distribution, etc New Delhi :
Name of publisher, distributor, etc Decent Books
Date of publication, distribution, etc 2005
300 ## - PHYSICAL DESCRIPTION
Extent xv, 240 p.
Dimensions 22 cm (Hb)
500 ## - GENERAL NOTE
General note Includes bibliographical references and index.
520 ## - SUMMARY, ETC.
Summary, etc Most of the papers presented at the worshop held at Calcutta.
600 ## - SUBJECT ADDED ENTRY--PERSONAL NAME
Personal name Gandhi, Mahatma, 1869-1948
General subdivision Political and social views
650 ## - SUBJECT ADDED ENTRY--TOPICAL TERM
Topical term or geographic name as entry element Rural development
Geographic subdivision India
650 ## - SUBJECT ADDED ENTRY--TOPICAL TERM
Topical term or geographic name as entry element Rural industries
Geographic subdivision India
651 ## - SUBJECT ADDED ENTRY--GEOGRAPHIC NAME
Geographic name India
General subdivision Economic conditions
710 ## - ADDED ENTRY--CORPORATE NAME
Corporate name or jurisdiction name as entry element Jadavpur University.
Subordinate unit Dept. of Philosophy.
942 ## - ADDED ENTRY ELEMENTS (KOHA)
Source of classification or shelving scheme Dewey Decimal Classification
Item type English Books
Classification part 301.153
Call number suffix PAT
Holdings
Withdrawn status Lost status Source of classification or shelving scheme Damaged status Not for loan Collection code Home library Current library Date acquired Source of acquisition Cost, normal purchase price Total Checkouts Full call number Barcode Date last seen Copy number Cost, replacement price Koha item type
    Dewey Decimal Classification   Not For Loan Non-fiction D.B.Act.Division D.B.Act.Division 17/10/2008 DBAD / PUB 460.00   301.153 PAT EN-74888 17/10/2008 1 460.00 English Books

© Delhi Public Library
Hit Counter
free hit counter